La Convention de Genéve de 1929 et l'immunisation des appareils sanitaires aériens: projet dúne convention addtionnelle pour l'adaptation a la guerre aérienne des principes de la Convention de Genéve

-д хадгалсан:
Номзүйн дэлгэрэнгүй
Үндсэн зохиолч: Julliot, C. L (Зохиогч)
Формат: Ном
Хэл сонгох:франц
Хэвлэсэн: Ginebra Comité Internacional de la Cruz Roja 1929
Нөхцлүүд:
Шошгууд: Шошго нэмэх
Шошго байхгүй, Энэхүү баримтыг шошголох эхний хүн болох!

MARC

LEADER 00000nam a2200000 a 4500
001 UCT9568
003 CL-VaPUC
008 970404e19290000SZ |||||||||||||||||fre|d
082 0 4 |a 341.6  |b JUL  |2 21 
100 0 |a Julliot, C. L  |e author  |9 382400 
245 1 3 |a La Convention de Genéve de 1929 et l'immunisation des appareils sanitaires aériens: projet dúne convention addtionnelle pour l'adaptation a la guerre aérienne des principes de la Convention de Genéve 
300 |a 53 p 
942 |c BK 
945 |d 19970404 00:00:00  |a lriquelm 
260 |a Ginebra  |b Comité Internacional de la Cruz Roja  |c 1929 
650 7 |a CONVENCION DE GINEBRA 1929  |2 CL-VaPUC  |9 382401 
650 0 |a Derechos y priviliegios  |9 338404 
650 0 |a Transportes aéreos  |9 260842 
650 0 |a Tráfico aéreo  |9 346615 
650 7 |a GUERRA AEREA  |2 CL-VaPUC  |9 382211 
583 |a last modification  |c 19970404 00:00:00  |k Rodrigo Vera 
999 |c 257953  |d 257951 
952 |0 0  |1 0  |4 0  |6 341_600000000000000_JUL_1929  |7 0  |8 A  |9 281679  |a BIBDER  |b BIBDER  |d 2019-11-19  |i 1825399  |o 341.6 JUL 1929  |p 1825399  |r 2023-01-25  |w 2019-11-19  |y BK  |k DER